Vlastní jména v textech a kontextech /

Korporativní autor: Masarykova univerzita. Pedagogická fakulta
Další autoři: Minářová, Eva, 1943-, Sochorová, Dagmar, 1983-, Zítková, Jitka, 1971-
Jazyk: Slovenština
Čeština
Vydáno: Brno : Masarykova univerzita, 2014
Vydání: 1. vyd.
Témata:
Externí odkaz: Digitalizovaný dokument
Fyzický popis: 238 s. : il. ; 24 cm
Language note: Část. slovenský text, anglické resumé
Knihy
Uloženo v:
LEADER 02493nam a2200625 a 4500
001 nkc20142584612
003 CZ PrNK
005 20140513164633.0
007 ta
008 140414s2014 xr a f 001 0 cze
015 |a cnb002584612 
020 |a 978-80-210-6631-1  |q (brož.) 
035 |a (OCoLC)880869274 
040 |a OLA001  |b cze 
041 0 |a cze  |a slo  |b eng 
072 7 |a 81  |x Lingvistika. Jazyky  |2 Konspekt  |9 11 
080 |a 81'373.2  |2 MRF 
080 |a 81'373.2  |2 MRF 
080 |a 811.162.3  |2 MRF 
080 |a 801.82  |2 MRF 
080 |a 801.73  |2 MRF 
080 |a (048.8:082)  |2 MRF 
245 0 0 |a Vlastní jména v textech a kontextech /  |c [editorky Eva Minářová, Dagmar Sochorová, Jitka Zítková] 
250 |a 1. vyd. 
260 |a Brno :  |b Masarykova univerzita,  |c 2014 
300 |a 238 s. :  |b il. ;  |c 24 cm 
500 |a Nad názvem: Masarykova univerzita, Pedagogická fakulta 
500 |a 200 výt. 
504 |a Obsahuje bibliografii, bibliografické odkazy a rejstřík 
546 |a Část. slovenský text, anglické resumé 
500 |a Dostupné též v digitální podobě v aplikaci Kramerius 
650 0 7 |a onomastika  |7 ph213330  |2 czenas 
650 0 7 |a vlastní jména  |7 ph116587  |2 czenas 
650 0 7 |a čeština  |7 ph135292  |2 czenas 
650 0 7 |a literární texty  |7 ph117225  |2 czenas 
650 0 7 |a textová analýza  |7 ph126628  |2 czenas 
650 0 9 |a onomastics  |2 eczenas 
650 0 9 |a proper names  |2 eczenas 
650 0 9 |a Czech language  |2 eczenas 
650 0 9 |a literary texts  |2 eczenas 
650 0 9 |a textual criticism  |2 eczenas 
655 7 |a kolektivní monografie  |7 fd501537  |2 czenas 
655 9 |a collective monographs  |2 eczenas 
700 1 |a Minářová, Eva,  |d 1943-  |7 mzk2002143931  |4 edt 
700 1 |a Sochorová, Dagmar,  |d 1983-  |7 xx0150134  |4 edt 
700 1 |a Zítková, Jitka,  |d 1971-  |7 mzk2004248667  |4 edt 
710 2 |a Masarykova univerzita.  |b Pedagogická fakulta  |7 kn20010709279 
856 4 1 |u http://www.digitalniknihovna.cz/mzk/uuid/uuid:6d509340-ae95-11ec-8353-005056827e51  |y Digitalizovaný dokument  |x NDK 
910 2 |a BOA001  |b 2-1325.458 
990 |a BK 
995 |a 01 
991 |b 201405  |c NOV  |j 81 VLA  |e n 
996 6 |b 2610588534  |c 2-1325.458  |l MZK  |r Sklad / do 1 hodiny  |n 5  |p p.v.  |w 001416091  |u 000010  |a 1  |e BOA001  |j MZK50  |s P 
996 6 |b 2610588535  |c 2-1325.458  |l MZK  |r HSS 4p  |n 0  |p p.v.  |h 81 VLA  |w 001416091  |u 000020  |a 0  |e BOA001  |j MZK50  |s P 
996 7 |b 2610590702  |c 2-1325.458  |l MZK  |r Sklad / do 1 hodiny  |n 15  |p kup  |w 001416091  |u 000030  |a 1  |e BOA001  |j MZK50  |s A